All Wizz Air Destinations (2024) - Statistics

General Stats
  • This quiz has been taken 198 times
    127 since last reset
  • The average score is 129 of 189
Answer Stats
Hint Answer % Correct
France Paris (Beauvais)
99%
France Paris (CDG)
99%
France Paris (Orly)
99%
Austria Vienna
99%
Greece Athens
96%
Hungary Budapest
96%
Egypt Cairo
96%
Denmark Copenhagen
96%
Portugal Lisbon
96%
United Kingdom London (Gatwick)
96%
United Kingdom London (Luton)
96%
Norway Oslo
96%
Portugal Porto
96%
Bulgaria Sofia
96%
Romania Bucharest
95%
Czechia Prague
95%
Israel Tel Aviv
95%
Poland Warsaw
95%
Azerbaijan Baku
93%
United Arab Emirates Dubai
93%
Germany Hamburg
93%
Turkey Istanbul (IST)
93%
Luxembourg Luxembourg
93%
Iceland Reykjavik
93%
Latvia Riga
93%
Croatia Split
93%
Estonia Tallinn
93%
Albania Tirana
93%
Kazakhstan Astana
92%
Spain Barcelona
92%
Germany Berlin
92%
Sweden Stockholm (Arlanda)
92%
Armenia Yerevan
92%
Slovakia Bratislava
91%
Poland Krakow
91%
Slovenia Ljubljana
91%
Spain Madrid
91%
Italy Rome (Ciampino)
91%
Italy Rome (Fiumicino)
91%
Lithuania Vilnius
91%
Serbia Belgrade
89%
Germany Frankfurt (Hahn)
89%
Sweden Gothenburg
89%
Austria Salzburg
89%
United Arab Emirates Abu Dhabi
88%
Jordan Amman
88%
France Lyon
88%
Italy Milan (Linate)
88%
Italy Milan (Malpensa)
88%
Bosnia & Herzegovina Sarajevo
88%
Malta Malta
87%
United Kingdom Glasgow
85%
Kuwait Kuwait City
85%
Morocco Marrakech
85%
France Nice
85%
Kosovo Pristina
85%
North Macedonia Skopje
85%
Egypt Alexandria
84%
Turkey Antalya
84%
Germany Cologne
84%
Croatia Dubrovnik
84%
Cyprus Larnaca
84%
Montenegro Podgorica
84%
Italy Venice (Marco Polo)
84%
Italy Venice (Treviso)
84%
Spain Malaga
83%
Italy Naples
83%
Spain Palma de Mallorca
83%
Saudi Arabia Riyadh
83%
Greece Thessaloniki
83%
Turkey Ankara
81%
Oman Muscat
81%
Greece Rhodes
81%
Italy Bari
80%
Spain Bilbao
80%
United Kingdom Birmingham
80%
Poland Gdansk
80%
United Kingdom Liverpool
80%
Sweden Malmo
80%
Spain Seville
80%
Spain Valencia
80%
Switzerland Basel/Frieberg/Mulhouse
79%
Saudi Arabia Jeddah
79%
Germany Stuttgart
79%
Bulgaria Varna
79%
Kazakhstan Almaty
77%
Greece Corfu
77%
Poland Katowice
77%
Greece Kos
77%
Germany Leipzig/Halle
76%
Maldives Male
76%
Italy Turin
76%
Portugal Faro
75%
Greece Heraklion
75%
Spain Ibiza
75%
Romania Cluj-Napoca
73%
Greece Santorini
73%
Uzbekistan Tashkent
73%
Italy Bologna
72%
Egypt Hurghada
72%
Denmark Billund
71%
Germany Bremen
71%
Bulgaria Burgas
71%
Italy Pisa
71%
Spain Tenerife (South)
71%
Norway Trondheim
71%
Spain Alicante
69%
Italy Catania
69%
Belgium Charleroi
69%
Germany Dortmund
69%
Lithuania Kaunas
69%
Poland Wroclaw
69%
Netherlands Eindhoven
68%
Germany Nuremberg
68%
Poland Poznan
68%
United Kingdom Aberdeen
67%
United Kingdom Leeds
67%
Hungary Debrecen
65%
Saudi Arabia Medina
65%
Norway Tromso
65%
Italy Verona
65%
Poland Lublin
64%
Portugal Funchal
61%
Slovakia Kosice
61%
Morocco Agadir
60%
Bosnia & Herzegovina Banja Luka
60%
Italy Bergamo
60%
Bulgaria Plovdiv
60%
Kyrgyzstan Bishkek
59%
Greece Mykonos
59%
Egypt Sharm el Sheikh
59%
Greece Zakynthos
59%
Saudi Arabia Dammam
56%
Romania Iasi
56%
Germany Memmingen
56%
Finland Turku
56%
Spain Zaragoza
56%
Iraq Erbil
55%
Poland Szczecin
55%
Romania Timisoara
55%
Greece Chania
53%
Serbia Nis
53%
Norway Stavanger
53%
Georgia Kutaisi
52%
Italy Rimini
51%
Egypt Marsa Alam
49%
Italy Trieste
49%
North Macedonia Ohrid
48%
Italy Ancona
47%
Italy Brindisi
47%
Uzbekistan Samarkand
47%
Romania Constanta
45%
Jordan Aqaba
44%
Poland Rzeszow
44%
Turkey Dalaman
43%
Spain Fuerteventura
43%
Greece Kefalonia
43%
Italy Alghero
41%
Romania Brasov
41%
Poland Bydgoszcz
41%
Bosnia & Herzegovina Tuzla
41%
Romania Craiova
39%
Italy Lamezia Terme
39%
Germany Karlsruhe/Baden-Baden
37%
Italy Pescara
37%
France Grenoble
36%
Oman Salalah
36%
Greece Skiathos
36%
Romania Suceava
36%
Italy Perugia
35%
Romania Sibiu
35%
Norway Alesund
33%
Spain Santander
33%
Romania Bacau
32%
Greece Preveza/Lefkada
31%
Romania Targu-Mures
31%
Slovakia Poprad-Tatry
28%
Spain Castellon de la Plana
27%
Germany Friedrichshafen
27%
Poland Radom
25%
Norway Sandefjord
21%
Italy Lampedusa
20%
Italy Comiso
17%
Romania Satu Mare
15%
Kazakhstan Turkistan
12%
Norway Haugesund
11%
Egypt Sohag
9%
Poland Szczytno
7%
Sweden Nykoping
1%
No matching quizzes found
Score Distribution
Percent of People with Each Score
Percentile by Number Answered
Your Score History
You have not taken this quiz since the last reset